Statistics for CS:GO and CS2 Top 20 players per year

Click here to take the quiz!

General Stats

  • This quiz has been taken 388 times
    (79 since last reset)
  • The average score is 152 of 220

Answer Stats

Year#CountryPlayer% Correct
20221Ukraines1mple
100%
20237Ukraines1mple
100%
20211Ukraines1mple
100%
20202Ukraines1mple
100%
20192Ukraines1mple
100%
20181Ukraines1mple
100%
20164Ukraines1mple
100%
20178Ukraines1mple
100%
20191FranceZywOo
96%
20231FranceZywOo
96%
20201FranceZywOo
96%
20222FranceZywOo
96%
2021
2FranceZywOo
96%
20182Denmarkdevice
94%
20163Denmarkdevice
94%
202111Denmarkdevice
94%
20193Denmarkdevice
94%
20203Denmarkdevice
94%
201420Denmarkdevice
94%
20175Denmarkdevice
94%
20153Denmarkdevice
94%
202311Denmarkdevice
94%
20183Bosnia and HerzegovinaNiKo
94%
201911Bosnia and HerzegovinaNiKo
94%
20172Bosnia and HerzegovinaNiKo
94%
20232Bosnia and HerzegovinaNiKo
94%
20204Bosnia and HerzegovinaNiKo
94%
20213Bosnia and HerzegovinaNiKo
94%
20225Bosnia and HerzegovinaNiKo
94%
201611Bosnia and HerzegovinaNiKo
94%
20233Estoniaropz
89%
201910Estoniaropz
89%
20207Estoniaropz
89%
20228Estoniaropz
89%
201819Estoniaropz
89%
202118Estoniaropz
89%
20162BrazilFalleN
85%
20176BrazilfalleN
85%
20195DenmarkMagisk
85%
202011DenmarkMagisk
85%
20187DenmarkMagisk
85%
201614DenmarkMagisk
85%
202317DenmarkMagisk
85%
201810Brazilcoldzera
83%
20161Brazilcoldzera
83%
20171Brazilcoldzera
83%
20205RussiaelectroNic
83%
20184RussiaelectroNic
83%
20217RussiaelectroNic
83%
20196RussiaelectroNic
83%
201618SwedenGeT_RiGhT
83%
20131SwedenGeT_RiGhT
83%
201511SwedenGeT_RiGhT
83%
20141SwedenGeT_RiGhT
83%
202112Bosnia and HerzegovinahuNter-
83%
202013Bosnia and HerzegovinahuNter-
83%
202214Bosnia and HerzegovinahuNter-
83%
202313Bosnia and HerzegovinahuNter-
83%
201719Swedenolofmeister
83%
20151Swedenolofmeister
83%
20168Swedenolofmeister
83%
201412Swedenolofmeister
83%
20143PolandpashaBiceps
83%
201319PolandpashaBiceps
83%
201415FranceapEX
81%
201518FranceapEX
81%
201318Denmarkdupreeh
81%
201710Denmarkdupreeh
81%
201512Denmarkdupreeh
81%
20185Denmarkdupreeh
81%
201416Denmarkdupreeh
81%
20209Denmarkdupreeh
81%
201916Denmarkdupreeh
81%
201613FrancekennyS
81%
20156FrancekennyS
81%
20146FrancekennyS
81%
201312FrancekennyS
81%
20177FrancekennyS
81%
202310Latviabroky
79%
20226Latviabroky
79%
202120Latviabroky
79%
20188Denmarkgla1ve
79%
20219Ukraineb1t
77%
202216Ukraineb1t
77%
20179SlovakiaGuardiaN
77%
201811SlovakiaGuardiaN
77%
20152SlovakiaGuardiaN
77%
201411SlovakiaGuardiaN
77%
201310SlovakiaGuardiaN
77%
201617SlovakiaGuardiaN
77%
201517PolandNEO
77%
20174Norwayrain
77%
201818Norwayrain
77%
202213Norwayrain
77%
201320DenmarkXyp9x
77%
201914DenmarkXyp9x
77%
201713DenmarkXyp9x
77%
201813DenmarkXyp9x
77%
201516Swedenf0rest
75%
20147Swedenf0rest
75%
20132Swedenf0rest
75%
20167Swedenf0rest
75%
201313Swedenflusha
75%
20155Swedenflusha
75%
20142Swedenflusha
75%
201610Swedenflusha
75%
201711KazakhstanHObbit
75%
20216KazakhstanHObbit
75%
20234Russiam0NESY
75%
20227Russiam0NESY
75%
201720PolandSnax
75%
20154PolandSnax
75%
20165PolandSnax
75%
20144PolandSnax
75%
202018BrazilKSCERATO
74%
202115BrazilKSCERATO
74%
202319BrazilKSCERATO
74%
20229BrazilKSCERATO
74%
202318DenmarkcadiaN
72%
20145SwedenJW
72%
201510SwedenJW
72%
20138SwedenJW
72%
20235IsraelSpinx
72%
202218IsraelSpinx
72%
202117CanadaTwistzz
72%
20199CanadaTwistzz
72%
202211CanadaTwistzz
72%
202320CanadaTwistzz
72%
201812CanadaTwistzz
72%
202119USAEliGE
70%
201815USAEliGE
70%
201712USAEliGE
70%
20208USAEliGE
70%
20194USAEliGE
70%
202312Slovakiafrozen
70%
202217Slovakiafrozen
70%
20148Franceshox
68%
20133Franceshox
68%
201513Franceshox
68%
20166Franceshox
68%
20214Russiash1ro
64%
20238Russiash1ro
64%
20223Russiash1ro
64%
201413Polandbyali
62%
20134RussiaDosia
62%
202315Denmarkjabbi
62%
202114CanadaNAF
62%
20186CanadaNAF
62%
20197CanadaNAF
62%
202220RussiaJame
60%
202110RussiaJame
60%
20236SpainSunPayus
60%
202212DenmarkblameF
58%
202113DenmarkblameF
58%
202316DenmarkblameF
58%
20206DenmarkblameF
58%
202017SwedenKRIMZ
58%
20157SwedenKRIMZ
58%
20189SwedenKRIMZ
58%
201917SwedenKRIMZ
58%
20149SwedenKRIMZ
58%
20137BelgiumScreaM
58%
20169BelgiumScreaM
58%
202116Denmarkstavn
58%
20239Denmarkstavn
58%
202210Denmarkstavn
58%
202012Denmarkstavn
58%
201615Brazilfer
57%
20173Brazilfer
57%
20215RussiaAx1Le
55%
20224RussiaAx1Le
55%
201612Russiaflamie
55%
201514Russiaflamie
55%
201417FranceNBK-
55%
20159FranceNBK-
55%
20135FranceNBK
55%
201619Brazilfnx
51%
201410FranceHappy
51%
20158FranceHappy
51%
202314IsraelNertZ
51%
201414Swedenfriberg
49%
201311Swedenfriberg
49%
201616DenmarkKjaerbye
49%
201715DenmarkKjaerbye
49%
201912Turkeywoxic
49%
201717KazakhstanAdreN
47%
201519Finlandallu
47%
20218LatviaYEKINDAR
47%
202215LatviaYEKINDAR
47%
201915Australiajks
45%
202019Australiajks
45%
201919SwedenBrollan
38%
202015SwedenBrollan
38%
202016BrazilHen1
38%
20139USAHiko
38%
202219Brazilyuurih
38%
202014Brazilyuurih
38%
201918BulgariaCeRq
36%
201316UkraineEdward
36%
201419FrancekioShiMa
36%
201315Ukrainemarkeloff
36%
201913Finlandsergej
36%
201714Denmarkk0nfig
34%
201814Czech Republicoskar
34%
201716Czech Republicoskar
34%
201520USASkadoodle
34%
201418USAswag
32%
201718Brazilboltz
30%
202020USABrehze
28%
20198USABrehze
28%
201816FinlandsuNny
28%
201620Swedendennis
26%
201317FranceSmithZz
26%
20136SwedenXizt
26%
201817USAautimatic
25%
201515Denmarkcajunb
25%
201314DenmarkNico
25%
202010GermanysyrsoN
25%
201920USAEthan
21%
201820Denmarkvalde
15%

Score Distribution

Percentile by Number Answered

Percent of People with Each Score

Your Score History

You have not taken this quiz since the last reset